000 00744nam a2200289Ia 4500
005 20260324122155.0
008 008 260324s9999 xx 000 0 eng d
020 _a9781003443803
037 _aEBOOK
040 _aCRL
040 _beng
040 _cCRL
041 _2eng
041 _aeng
084 _qCRL
100 _aLinda B. Nilson; Barry J. Zimmerman
_91165412
245 0 _aCreating Self-Regulated Learners
245 0 _bStrategies to Strengthen Students’ Self-Awareness and Learning Skills
260 _bTaylor and Francis
260 _c2013
365 _a
365 _b230
856 _uhttp://www.taylorfrancis.com/books/9781003443803
942 _cEBOOK
999 _c1757950
_d1757950